Computer confluence : exploring tomorrow's technology
Αποθηκεύτηκε σε:
| Κύριος συγγραφέας: | |
|---|---|
| Μορφή: | Βιβλίο |
| Γλώσσα: | English |
| Δημοσίευση: |
Menlo Park, Calif. :
Addison-Wesley,
c1997
|
| Έκδοση: | 2nd ed. |
| Θέματα: | |
| Ετικέτες: |
Προσθήκη ετικέτας
Δεν υπάρχουν, Καταχωρήστε ετικέτα πρώτοι!
|
MARC
| LEADER | 00000nam a2200000 i 4500 | ||
|---|---|---|---|
| 001 | 1/19323 | ||
| 008 | 010410s1997 eng d | ||
| 020 | |a 0-8053-2466-6 | ||
| 035 | |l 10066811 | ||
| 040 | |a GR-MY-UA |b gre |e aacr | ||
| 041 | 0 | |a eng | |
| 082 | 0 | |a 004 | |
| 100 | 1 | |a Beekman, George. | |
| 245 | 1 | 0 | |a Computer confluence : |b exploring tomorrow's technology / |c George Beekman |
| 250 | |a 2nd ed. | ||
| 260 | |a Menlo Park, Calif. : |b Addison-Wesley, |c c1997 | ||
| 300 | |a xxxi, 445 p.; |b ill.; |c 27 cm.+ |e 1 computer laser optical disc (4 3/4 in.) | ||
| 504 | |a Includes index | ||
| 650 | 0 | 0 | |a Computers. |
| 650 | 0 | 0 | |a Information technology. |
| 852 | |a INST |b SAMOS |e 20010410 |h 004 BEE |p 005300021097 |q 005300021097 |t BK |y 23 | ||
| 852 | |a INST |b SAMOS |e 20010410 |h 004 BEE |p 005300021099 |q 005300021099 |t BK |y 0 | ||
| 852 | |a INST |b SAMOS |e 20010410 |h 004 BEE |p 005300021100 |q 005300021100 |t BK |y 0 | ||
| 852 | |a INST |b SAMOS |e 20010410 |h 004 BEE |p 005300021102 |q 005300021102 |t BK |y 0 | ||
| 852 | |a INST |b SAMOS |e 20010410 |h 004 BEE |p 005300020975 |q 005300020975 |t BK |y 0 | ||
| 852 | |a INST |b SAMOS |e 20010410 |h 004 BEE |p 005300020976 |q 005300020976 |t BK |y 0 | ||
| 852 | |a INST |b SAMOS |e 20010410 |h 004 BEE |p 005300020977 |q 005300020977 |t BK |y 0 | ||
| 852 | |a INST |b SAMOS |e 20010410 |h 004 BEE |p 005300020978 |q 005300020978 |t BK |y 0 | ||
| 901 | |a BIBL3-2001-1 | ||
| 909 | |a Σ |b 086359 | ||
| 909 | |a Σ |b 086360 | ||
| 909 | |a Σ |b 086358 | ||
| 909 | |a Σ |b 086459 | ||
| 909 | |a Σ |b 086355 | ||
| 909 | |a Σ |b 086356 | ||
| 909 | |a Σ |b 086351 | ||
| 909 | |a Σ |b 086352 | ||
| 922 | |a 3ΕΛΗ |b 200008 |c ΤΠΕΣ/ΠΟΛ2 |d LEADER | ||
| 970 | |a ΜΑΛΑΓΑΡΗ |b ΦΩΤΕΙΝΗ |z 2001/04/10 | ||